000 00878nam a2200229 i 4500
001 182292
003 ES-MaACL
005 20231226155051.0
008 130731m19901910sp | |||| ||spa d
080 _a17.021.251
100 1 _aMaeztu, Ramiro de,
_d1875-1936
_975421
245 1 3 _aLa libertad y sus enemigos
_b: conferencia leída en la Sociedad "El Sitio" por el señor D. Ramiro de Maeztu, la noche del 31 de octubre de 1910.
260 _aBilbao :
_bSociedad "El Sitio",
_c[ca. 1990]
300 _a45 p. ;
_c23 cm.
490 1 _aPublicaciones de la Sociedad "El Sitio" ;
_v5
534 _pReprod. de la ed. de:
_cBilbao : Sociedad "El Sitio", [1910?]
650 4 _aLibertad.
_914400
710 2 _aSociedad "El Sitio"
_96704
830 1 _aPublicaciones de la Sociedad "El Sitio" ;
_v5
_9191747
852 _aES-MaACL
_j2316-F-40
999 _c182292
_d182292